[Event "Rated Blitz game"]
[Site "?"]
[Date "2021.05.20"]
[Round "?"]
[White "Guillermotello2150"]
[Black "KamranShirazi"]
[Result "0-1"]
[WhiteElo "2467"]
[BlackElo "2461"]
[PlyCount "86"]
[EventDate "2021.??.??"]
[EventType "blitz"]

1. e4 e5 2. Nf3 d5 3. exd5 e4 4. Ne5 Qxd5 5. d4 exd3 6. Nxd3 Bd6 7. Nc3 Qf5 8.
Be2 Nf6 9. O-O O-O 10. Bf3 Nbd7 11. g3 Ne5 12. Nxe5 Bxe5 13. Bg2 Bxc3 14. bxc3
c6 15. Ba3 Re8 16. Rb1 Qa5 17. Bc1 Qxa2 18. Bg5 Nd5 19. Qd4 Qxc2 20. c4 Qc3 21.
Qh4 Nf6 22. Rfc1 Qe5 23. Bf4 Qh5 24. Qxh5 Nxh5 25. Bd6 h6 26. c5 a5 27. Ra1 a4
28. Rc4 a3 29. Rc3 a2 30. Rc2 Be6 31. Rb2 Ra7 32. f4 Nf6 33. f5 Bc4 34. Rc2 Ra4
35. Bf1 Bd5 36. Bg2 Ne4 37. Re2 g6 38. fxg6 f5 39. Rb2 Kg7 40. Bf4 Kxg6 41. Be3
Rd4 42. Bxd4 Nc3 43. Rbxa2 Ne2+ {Time forfeit} 0-1

[Event "Rated Blitz game"]
[Site "?"]
[Date "2021.05.20"]
[Round "?"]
[White "Schach_du_Nase"]
[Black "DonCroccante"]
[Result "0-1"]
[WhiteElo "2490"]
[BlackElo "2471"]
[PlyCount "104"]
[EventDate "2021.??.??"]
[EventType "blitz"]

1. e4 e5 2. Nf3 d5 3. d4 dxe4 4. Nxe5 Bd6 5. Nc4 Nf6 6. Nxd6+ Qxd6 7. Be2 Nc6
8. Be3 Nd5 9. Nd2 f5 10. c4 Nf6 11. g3 Nxd4 12. Nxe4 Nxe4 13. Qxd4 Qb4+ 14. Kf1
O-O 15. a3 Qe7 16. Kg2 Bd7 17. Qd5+ Kh8 18. Qxb7 Rab8 19. Qxa7 Rxb2 20. Bf3 f4
21. Bd4 fxg3 22. Bxb2 gxf2 23. Qd4 Qg5+ 24. Kf1 Nd2+ 25. Ke2 Nxf3 26. Qxd7 Ng1+
27. Kf1 Qg6 28. Qxg7+ Qxg7 29. Bxg7+ Kxg7 30. Ra2 Nh3 31. Kg2 Ng5 32. Re2 Rg8
33. Rf1 h6 34. Rexf2 Kg6 35. Kh1 Kh5 36. Rf6 Rd8 37. R6f2 Rd4 38. Rg2 Rh4 39.
Rxg5+ hxg5 40. Rf7 Rh3 41. Rxc7 Kg4 42. Kg1 Rh4 43. Rf7 Kh5 44. Rf2 Kg4 45.
Rg2+ Kh5 46. Rxg5+ Kxg5 47. c5 Kg6 48. c6 Rh5 49. c7 Rg5+ 50. Kf2 Rh5 51. Ke3
Rg5 52. Kd4 Rf5 {Time forfeit} 0-1

[Event "Rated Blitz game"]
[Site "?"]
[Date "2021.05.20"]
[Round "?"]
[White "JGrimaldo"]
[Black "blastol"]
[Result "0-1"]
[WhiteElo "2346"]
[BlackElo "2409"]
[PlyCount "104"]
[EventDate "2021.??.??"]
[EventType "blitz"]

1. e4 e5 2. Nf3 d5 3. Nxe5 Bd6 4. d4 dxe4 5. Be2 Nf6 6. O-O O-O 7. Bg5 Re8 8.
Nc3 Bf5 9. Nd5 Nbd7 10. Nc4 h6 11. Nxd6 cxd6 12. Bh4 g5 13. Nxf6+ Qxf6 14. Bg3
d5 15. c4 Rad8 16. c5 Qg6 17. Bh5 Qg7 18. b4 Bg6 19. Be2 f5 20. f3 f4 21. Be1
Bh5 22. fxe4 Bxe2 23. Qxe2 Rxe4 24. Qg4 Qxd4+ 25. Bf2 Qg7 26. b5 Nf6 27. Qd1 d4
28. Qd3 Rde8 29. c6 bxc6 30. bxc6 Ng4 31. Qc4+ Qf7 32. Qxf7+ Kxf7 33. Rac1 Rc8
34. Be1 Ne3 35. Rf3 Ke6 36. h3 Kd5 37. g3 Rxc6 38. Rxc6 Kxc6 39. gxf4 gxf4 40.
h4 Kd5 41. Ba5 Nc4 42. Bb4 Ne5 43. Ra3 d3 44. Ra5+ Kc4 45. Bd6 Nf3+ 46. Kf2 d2
47. Rc5+ Kd3 48. Rd5+ Nd4 49. Bc5 d1=Q 50. Bxd4 Rxd4 51. Rf5 Qe2+ 52. Kg1 f3 {
Normal} 0-1

[Event "Rated Rapid game"]
[Site "?"]
[Date "2021.05.20"]
[Round "?"]
[White "Karblasch"]
[Black "Delyvj"]
[Result "0-1"]
[WhiteElo "2493"]
[BlackElo "2471"]
[PlyCount "112"]
[EventDate "2021.??.??"]
[EventType "rapid"]

1. e4 e5 2. Nf3 d5 3. exd5 e4 4. Ne5 Qxd5 5. Nc4 Nc6 6. Nc3 Qe6 7. Nb5 Kd8 8.
Be2 a6 9. Nc3 b5 10. Ne3 Nf6 11. O-O b4 12. Na4 Bd7 13. d3 Nd4 14. b3 Bxa4 15.
bxa4 Bd6 16. Bb2 Nxe2+ 17. Qxe2 exd3 18. Qxd3 Re8 19. Nf5 Ne4 20. Nxd6 Qxd6 21.
Qf3 Kc8 22. Rfe1 Qg6 23. Rad1 a5 24. Rd4 f5 25. g4 Re5 26. Rd8+ Kxd8 27. Bxe5
Ra6 28. Qxf5 Qxf5 29. gxf5 Nd6 30. Bxd6 Rxd6 31. Re5 Rd2 32. Rxa5 Rxc2 33. Rb5
c5 34. a5 Kc7 35. a6 Rxa2 36. Rxc5+ Kb6 37. Rc4 Kb5 38. Rc7 Rxa6 39. Rxg7 b3
40. Rg3 Kc4 41. Rg4+ Kc3 42. Rg8 Rb6 43. Rc8+ Kd3 44. Rd8+ Ke4 45. Re8+ Kxf5
46. Re1 b2 47. Rb1 Ke4 48. Kf1 Kd3 49. Kg2 Kc2 50. Rxb2+ Kxb2 51. f4 Kc3 52.
Kg3 Kd4 53. Kg4 Ke4 54. Kg5 h6+ 55. Kg4 Rf6 56. f5 Rxf5 {Normal} 0-1

[Event "Rated Blitz game"]
[Site "?"]
[Date "2021.05.20"]
[Round "?"]
[White "cyrilortega62"]
[Black "Monkey_King"]
[Result "0-1"]
[WhiteElo "2420"]
[BlackElo "2543"]
[PlyCount "116"]
[EventDate "2021.??.??"]
[EventType "blitz"]

1. e4 e5 2. Nf3 d5 3. Nxe5 dxe4 4. d4 Bd6 5. Nc4 f5 6. Nxd6+ cxd6 7. c4 Nf6 8.
Nc3 O-O 9. Be2 Nc6 10. Be3 d5 11. h3 Kh8 12. O-O Be6 13. b3 Rc8 14. Qd2 f4 15.
Bxf4 dxc4 16. Be3 cxb3 17. axb3 a6 18. Bc4 Nd5 19. Nxd5 Bxd5 20. Rac1 Qd7 21.
Bxd5 Qxd5 22. Rc5 Qxb3 23. Rfc1 Rcd8 24. d5 Ne5 25. Qd4 Nd3 26. Rc7 Rg8 27. Bh6
Qb2 28. Qxb2 Nxb2 29. Be3 Nd3 30. Rb1 b5 31. Ra1 Rd6 32. Rc6 Rxd5 33. Raxa6 h6
34. Rab6 Rgd8 35. Rb7 R8d7 36. Rb8+ Kh7 37. Rcc8 b4 38. Rh8+ Kg6 39. Rhe8 Kf5
40. g4+ Kg6 41. Rxe4 Rc7 42. Kg2 Ne1+ 43. Kg3 Nd3 44. h4 Kh7 45. h5 Ne5 46. Bf4
Re7 47. Rbxb4 Rd3+ 48. Kg2 Rd5 49. Rb1 Rf7 50. Rbe1 Nxg4 51. Bg3 Nf6 52. Rh4
Rxh5 53. Rxh5 Nxh5 54. Re5 Nf6 55. Rf5 Rd7 56. Ra5 Rd5 57. Kf3 Rg5 58. Rxg5
hxg5 {Time forfeit} 0-1

[Event "Rated Blitz game"]
[Site "?"]
[Date "2021.05.20"]
[Round "?"]
[White "S_Guliev"]
[Black "DonCroccante"]
[Result "0-1"]
[WhiteElo "2492"]
[BlackElo "2473"]
[PlyCount "102"]
[EventDate "2021.??.??"]
[EventType "blitz"]

1. e4 e5 2. Nf3 d5 3. Nxe5 Bd6 4. d4 dxe4 5. Nc3 Bxe5 6. dxe5 Qxd1+ 7. Nxd1 Ne7
8. Nc3 Bf5 9. Bg5 Ng6 10. O-O-O Nc6 11. Nd5 O-O 12. Nxc7 Rac8 13. Nb5 Nb4 14.
c3 e3 15. b3 Nxa2+ 16. Kb2 a6 17. Kxa2 axb5 18. Kb2 b4 19. c4 exf2 20. Be3 Nxe5
21. Bxf2 b5 22. Rd5 bxc4 23. Rxe5 c3+ 24. Kc1 Bg6 25. Bb5 Ra8 26. Ba4 Rxa4 27.
bxa4 b3 28. Rb5 b2+ 29. Rxb2 cxb2+ 30. Kxb2 Ra8 31. Ra1 Be4 32. g3 Rb8+ 33. Kc3
f5 34. a5 Kf7 35. a6 g5 36. a7 Ra8 37. Ra6 h5 38. Rb6 h4 39. Rb8 hxg3 40. hxg3
Kg6 41. Bc5 Kh5 42. Kd2 Kg4 43. Bf2 Kf3 44. Ke1 Kg2 45. Ke2 Bf3+ 46. Ke1 f4 47.
gxf4 gxf4 48. Bd4 Be4 49. Bc5 f3 50. Bb6 Bc6 51. Bc5 Rxb8 {Time forfeit} 0-1

[Event "Rated Blitz game"]
[Site "?"]
[Date "2021.05.20"]
[Round "?"]
[White "impetuousBalm"]
[Black "DonCroccante"]
[Result "0-1"]
[WhiteElo "2579"]
[BlackElo "2459"]
[PlyCount "42"]
[EventDate "2021.??.??"]
[EventType "blitz"]

1. e4 e5 2. Nf3 d5 3. exd5 e4 4. Nd4 Qxd5 5. Nb3 Nf6 6. Nc3 Qe5 7. Be2 Nc6 8.
O-O Bd6 9. g3 Bh3 10. Re1 O-O-O 11. d4 Qf5 12. Nb5 Ng4 13. Be3 Qh5 14. Nxd6+
Rxd6 15. Bf4 Rf6 16. Qd2 g5 17. Bxg5 Rxf2 18. Bxg4+ Bxg4 19. Kxf2 Qxh2+ 20. Ke3
Qxg3+ 21. Kxe4 Qf3# {Normal} 0-1

[Event "Rated Blitz game"]
[Site "?"]
[Date "2021.05.20"]
[Round "?"]
[White "Guillermotello2150"]
[Black "KamranShirazi"]
[Result "1-0"]
[WhiteElo "2467"]
[BlackElo "2461"]
[PlyCount "55"]
[EventDate "2021.??.??"]
[EventType "blitz"]

1. e4 e5 2. Nf3 d5 3. Nxe5 Bd6 4. d4 dxe4 5. Nc4 Be7 6. Ne3 f5 7. g3 Nf6 8. Bg2
O-O 9. O-O Be6 10. c4 c6 11. Nc3 g6 12. d5 Bf7 13. f3 f4 14. gxf4 exf3 15. Bxf3
Bc5 16. Kh1 Na6 17. f5 cxd5 18. Nexd5 Nxd5 19. Nxd5 Nc7 20. fxg6 Bxg6 21. Bh6
Rxf3 22. Qxf3 Nxd5 23. cxd5 Qd7 24. Rac1 Bd6 25. Rc4 Re8 26. Rg4 Be5 27. Qf8+
Rxf8 28. Rxf8# {Normal} 1-0

[Event "Rated Blitz game"]
[Site "?"]
[Date "2021.05.20"]
[Round "?"]
[White "IsaacSpence"]
[Black "DonCroccante"]
[Result "1-0"]
[WhiteElo "2512"]
[BlackElo "2483"]
[PlyCount "31"]
[EventDate "2021.??.??"]
[EventType "blitz"]

1. e4 e5 2. Nf3 d5 3. exd5 e4 4. Qe2 Nf6 5. d3 Be7 6. dxe4 O-O 7. Nc3 c6 8. Bg5
Nxd5 9. Bxe7 Nxe7 10. Rd1 Qa5 11. Qe3 Qb4 12. Rb1 Be6 13. Bd3 Bxa2 14. Rc1 Qxb2
15. Nd1 a5 16. Nxb2 {Normal} 1-0

[Event "Rated Blitz game"]
[Site "?"]
[Date "2021.05.20"]
[Round "?"]
[White "vikstefan"]
[Black "Razario90"]
[Result "0-1"]
[WhiteElo "2447"]
[BlackElo "2411"]
[PlyCount "44"]
[EventDate "2021.??.??"]
[EventType "blitz"]

1. e4 e5 2. Nf3 d5 3. exd5 e4 4. Ne5 Qxd5 5. d4 exd3 6. Nxd3 Bd6 7. Nc3 Qf5 8.
Qe2+ Be6 9. Ne4 Nc6 10. Nxd6+ cxd6 11. Be3 Nf6 12. O-O-O O-O 13. f3 Bxa2 14. b3
a5 15. Kb2 a4 16. Kxa2 axb3+ 17. Kxb3 Qb5+ 18. Kc3 Nd5+ 19. Kd2 Qa5+ 20. Kc1
Qa1+ 21. Kd2 Qc3+ 22. Kc1 Ra1# {Normal} 0-1

[Event "Rated Blitz tournament 7uguc7zz"]
[Site "?"]
[Date "2021.05.20"]
[Round "?"]
[White "polishmozart"]
[Black "dr_xStranger"]
[Result "1/2-1/2"]
[WhiteElo "2425"]
[BlackElo "2560"]
[PlyCount "113"]
[EventDate "2021.??.??"]
[EventType "blitz"]

1. e4 e5 2. Nf3 d5 3. Nxe5 Bd6 4. d4 dxe4 5. Nc3 Bxe5 6. dxe5 Qxd1+ 7. Nxd1 Nc6
8. Bf4 Nge7 9. Nc3 Bf5 10. O-O-O Ng6 11. g3 Nxf4 12. gxf4 O-O 13. Nd5 Rac8 14.
Bb5 Rfe8 15. Rhg1 Kf8 16. Rg3 a6 17. Bxc6 bxc6 18. Ne3 Be6 19. Rd4 Rcd8 20.
Rxe4 f6 21. f5 Bd5 22. Reg4 Rxe5 23. Rxg7 Bf7 24. b3 c5 25. Rxh7 Rd7 26. h4 Be8
27. Rh8+ Ke7 28. h5 Bf7 29. h6 Rd8 30. Rxd8 Kxd8 31. h7 Re8 32. Ng4 Rh8 33.
Nxf6 Ke7 34. Ng8+ Kf8 35. Nf6 Ke7 36. Rg8 Rxh7 37. Nxh7 Bxg8 38. Ng5 Bd5 39. c4
Bb7 40. Ne6 Kd6 41. Kd2 Be4 42. Ng7 Ke5 43. Ke3 Bb1 44. f4+ Kf6 45. Ne8+ Kxf5
46. Nxc7 Bxa2 47. Nxa6 Bxb3 48. Nxc5 Bxc4 49. Ne4 Bd5 50. Ng3+ Ke6 51. Kd4 Ba8
52. Ke3 Kf6 53. f5 Ke5 54. Kf2 Be4 55. Kg1 Bxf5 56. Kh2 Kf4 57. Nxf5 {Normal}
1/2-1/2

[Event "Rated Rapid game"]
[Site "?"]
[Date "2021.05.20"]
[Round "?"]
[White "caferoglu"]
[Black "Delyvj"]
[Result "0-1"]
[WhiteElo "2350"]
[BlackElo "2455"]
[PlyCount "56"]
[EventDate "2021.??.??"]
[EventType "rapid"]

1. e4 e5 2. Nf3 d5 3. exd5 e4 4. Ne5 Qxd5 5. d4 exd3 6. Nxd3 Bf5 7. Nc3 Qe6+ 8.
Be3 Nc6 9. a3 O-O-O 10. Be2 Nd4 11. Bxd4 Rxd4 12. O-O Nf6 13. Nb5 Rh4 14. Nxa7+
Kb8 15. Nb5 c6 16. Nc3 Bd6 17. g3 Rh6 18. Bf3 Rd8 19. Re1 Qd7 20. Ne4 Bxe4 21.
Bxe4 Nxe4 22. Rxe4 Qh3 23. Re3 Qxh2+ 24. Kf1 Bc5 25. Ke2 Bxe3 26. Kxe3 Re6+ 27.
Kf3 Rf6+ 28. Ke2 Rxf2+ {Normal} 0-1

[Event "Rated Blitz game"]
[Site "?"]
[Date "2021.05.20"]
[Round "?"]
[White "vajda_albert"]
[Black "DonCroccante"]
[Result "0-1"]
[WhiteElo "2527"]
[BlackElo "2480"]
[PlyCount "50"]
[EventDate "2021.??.??"]
[EventType "blitz"]

1. e4 e5 2. Nf3 d5 3. d3 Nc6 4. Nbd2 Be6 5. c3 h6 6. Qa4 Bd6 7. d4 exd4 8. Bb5
dxc3 9. bxc3 Nge7 10. Nd4 O-O 11. Nxe6 fxe6 12. O-O a6 13. Be2 Ng6 14. g3 Bc5
15. Qc2 d4 16. Nb3 Bb6 17. Ba3 Re8 18. Rad1 e5 19. Bc4+ Kh8 20. Bf7 Qg5 21.
Bxe8 Rxe8 22. cxd4 exd4 23. Bc1 Qh5 24. Rfe1 Nge5 25. f4 d3+ {Normal} 0-1

[Event "Rated Blitz game"]
[Site "?"]
[Date "2021.05.20"]
[Round "?"]
[White "compte_galere"]
[Black "DonCroccante"]
[Result "1-0"]
[WhiteElo "2479"]
[BlackElo "2470"]
[PlyCount "61"]
[EventDate "2021.??.??"]
[EventType "blitz"]

1. e4 e5 2. Nf3 d5 3. exd5 e4 4. Qe2 Nf6 5. Nc3 Be7 6. Nxe4 O-O 7. Nxf6+ Bxf6
8. Qc4 b5 9. Qd3 b4 10. c4 Nd7 11. Be2 Re8 12. Qc2 Qe7 13. d4 Nb6 14. Be3 g5
15. O-O g4 16. Nd2 Bxd4 17. Bxd4 Qxe2 18. Be3 g3 19. hxg3 Qh5 20. Nf3 Bf5 21.
Qc1 Bd3 22. Bxb6 Bxf1 23. Bd4 Be2 24. Qf4 Bxf3 25. gxf3 Re2 26. Qf6 Kf8 27.
Qh8+ Ke7 28. Bc5+ Kd7 29. Qxa8 Qxf3 30. Qc6+ Kc8 31. Qa8+ {Time forfeit} 1-0

[Event "Rated Blitz game"]
[Site "?"]
[Date "2021.05.20"]
[Round "?"]
[White "Passdar"]
[Black "DonCroccante"]
[Result "1-0"]
[WhiteElo "2484"]
[BlackElo "2448"]
[PlyCount "59"]
[EventDate "2021.??.??"]
[EventType "blitz"]

1. e4 e5 2. Nf3 d5 3. exd5 e4 4. Qe2 Nf6 5. d3 Qxd5 6. Nbd2 Qa5 7. dxe4 a6 8.
c3 Nc6 9. Qd1 Bg4 10. Qb3 O-O-O 11. Qxf7 Be7 12. Bc4 Rdf8 13. Qxg7 h5 14. h3
Rh7 15. Qg6 Bd7 16. Bb3 Ne5 17. Nxe5 Qxe5 18. Nf3 Qxe4+ 19. Qxe4 Nxe4 20. Bc2
Bc6 21. Be3 Rg7 22. Nh4 Bxh4 23. g3 Nxg3 24. fxg3 Rxg3 25. Bh6 Bxh1 26. Bxf8
Rf3+ 27. Ke2 Bg2 28. Bg7 Rf2+ 29. Ke3 Be4 30. Bxe4 {Normal} 1-0

[Event "Rated Blitz game"]
[Site "?"]
[Date "2021.05.20"]
[Round "?"]
[White "Shashlundos"]
[Black "artsportscience"]
[Result "0-1"]
[WhiteElo "2425"]
[BlackElo "2325"]
[PlyCount "62"]
[EventDate "2021.??.??"]
[EventType "blitz"]

1. e4 e5 2. Nf3 d5 3. Nxe5 Bd6 4. d4 dxe4 5. Bc4 Bxe5 6. Qh5 Qe7 7. Qxe5 Qxe5
8. dxe5 Nc6 9. Bf4 Nge7 10. e6 Bxe6 11. Bxe6 fxe6 12. Bxc7 Rc8 13. Bg3 Nd4 14.
c3 Nc2+ 15. Kd2 Nxa1 16. Na3 Nb3+ 17. axb3 O-O 18. Ke3 Nf5+ 19. Kxe4 Nxg3+ 20.
fxg3 Rf2 21. Nc4 b5 22. Nd6 Rb8 23. Ra1 Rxb2 24. Rxa7 Rxb3 25. Kd4 Rb2 26. Re7
Rxg2 27. Rxe6 Rxh2 28. Kc5 Rc2 29. Re3 b4 30. Kd4 Rd2+ 31. Kc4 Rxd6 {Normal}
0-1

[Event "Rated Blitz tournament 2BIdURot"]
[Site "?"]
[Date "2021.05.20"]
[Round "?"]
[White "Niko-ly_1990"]
[Black "GoughPhar"]
[Result "0-1"]
[WhiteElo "2338"]
[BlackElo "2407"]
[PlyCount "80"]
[EventDate "2021.??.??"]
[EventType "blitz"]

1. e4 e5 2. Nf3 d5 3. Nxe5 Bd6 4. d4 dxe4 5. Bc4 Bxe5 6. dxe5 Qxd1+ 7. Kxd1 Nc6
8. Bf4 Bg4+ 9. Ke1 O-O-O 10. Nc3 Nge7 11. h3 Bf5 12. g4 Bg6 13. Rd1 h5 14.
Rxd8+ Rxd8 15. e6 Nd4 16. exf7 Nf3+ 17. Kf1 Rf8 18. gxh5 Bxh5 19. Nxe4 Bxf7 20.
Bxf7 Rxf7 21. Be3 Nf5 22. Ke2 Ne5 23. Rg1 Re7 24. Rg5 g6 25. Ng3 Nxg3+ 26. Rxg3
b6 27. b3 c5 28. Kd2 Rd7+ 29. Kc3 Rg7 30. Bh6 Rh7 31. Bf4 Nc6 32. Rxg6 Nd4 33.
Rh6 Rf7 34. Be3 Ne2+ 35. Kc4 Kb7 36. h4 Ng1 37. h5 Nf3 38. Rg6 Ne5+ 39. Kd5
Nxg6 40. hxg6 Rg7 {Normal} 0-1

[Event "Rated Rapid game"]
[Site "?"]
[Date "2021.05.20"]
[Round "?"]
[White "caferoglu"]
[Black "Delyvj"]
[Result "1-0"]
[WhiteElo "2348"]
[BlackElo "2462"]
[PlyCount "103"]
[EventDate "2021.??.??"]
[EventType "rapid"]

1. e4 e5 2. Nf3 d5 3. exd5 e4 4. Ne5 Qxd5 5. d4 exd3 6. Nxd3 Bf5 7. Nc3 Qe6+ 8.
Be2 Bd6 9. O-O Nc6 10. Nb5 O-O-O 11. Nxd6+ Rxd6 12. Bf4 Nd4 13. Bxd6 Nxe2+ 14.
Kh1 cxd6 15. Re1 Bg4 16. f3 Qh6 17. Qxe2 Be6 18. Qe3 Qxe3 19. Rxe3 Nf6 20. Nf4
Kd7 21. b3 b5 22. c3 Nd5 23. Nxd5 Bxd5 24. Rae1 Be6 25. Kg1 a5 26. Rd3 Kc6 27.
Red1 Rd8 28. Kf2 a4 29. bxa4 bxa4 30. R1d2 Kc5 31. Rd4 Bc4 32. Rb2 Rd7 33. Rb8
d5 34. Rc8+ Kd6 35. Rcxc4 Rb7 36. Rb4 Rc7 37. Rd3 a3 38. Ke3 g5 39. Kd4 Re7 40.
Re3 Rc7 41. Re5 f6 42. Rxd5+ Ke6 43. g4 Kf7 44. c4 Re7 45. Rb3 Re2 46. Rxa3
Rd2+ 47. Kc5 Rxh2 48. Rd7+ Kg6 49. Raa7 Rf2 50. Rg7+ Kh6 51. Rxh7+ Kg6 52.
Rag7# {Normal} 1-0

[Event "Rated Blitz game"]
[Site "?"]
[Date "2021.05.20"]
[Round "?"]
[White "Andrey_Priseajniuc"]
[Black "RiskyBlitzer"]
[Result "1-0"]
[WhiteElo "2373"]
[BlackElo "2437"]
[PlyCount "83"]
[EventDate "2021.??.??"]
[EventType "blitz"]

1. e4 e5 2. Nf3 d5 3. d3 dxe4 4. dxe4 Qxd1+ 5. Kxd1 f6 6. Nc3 Be6 7. Be3 Nc6 8.
Bb5 O-O-O+ 9. Ke2 Nge7 10. Rhd1 a6 11. Ba4 Ng6 12. Nd5 h6 13. Rd2 f5 14. exf5
Bxf5 15. Rad1 Bd6 16. c3 Nf4+ 17. Nxf4 exf4 18. Bd4 Rhe8+ 19. Kf1 g5 20. Bf6
Rd7 21. Nd4 Nxd4 22. Bxd7+ Bxd7 23. Bxd4 f3 24. gxf3 Bxh2 25. Kg2 Bf4 26. Be3
Bxe3 27. fxe3 Bc6 28. e4 g4 29. fxg4 Bxe4+ 30. Kg3 Bc6 31. Rh2 Re3+ 32. Kf4
Rf3+ 33. Ke5 Re3+ 34. Kf6 Bf3 35. Rg1 Re4 36. Kf5 Rc4 37. Rxh6 b5 38. Rxa6 Kb7
39. Re6 Bc6 40. Rxc6 Kxc6 41. g5 Rc5+ 42. Kf6 {Normal} 1-0

[Event "Rated Blitz game"]
[Site "?"]
[Date "2021.05.20"]
[Round "?"]
[White "SHIELD2020"]
[Black "DonCroccante"]
[Result "0-1"]
[WhiteElo "2560"]
[BlackElo "2462"]
[PlyCount "44"]
[EventDate "2021.??.??"]
[EventType "blitz"]

1. e4 e5 2. Nf3 d5 3. Nxe5 Bd6 4. Nf3 dxe4 5. Nd4 Bxh2 6. Rxh2 Qxd4 7. Nc3 Nc6
8. Rh4 Nf6 9. Nxe4 Nxe4 10. Qe2 f5 11. d3 Qb4+ 12. c3 Qe7 13. Rh3 Nc5 14. Re3
Ne6 15. d4 Qd6 16. Qh5+ g6 17. Qh6 Bd7 18. Bc4 Ne7 19. Re5 O-O-O 20. Bxe6 Bxe6
21. Qe3 Nd5 22. Qe2 Bf7 {Normal} 0-1

[Event "Rated Blitz game"]
[Site "?"]
[Date "2021.05.20"]
[Round "?"]
[White "stachista"]
[Black "DonCroccante"]
[Result "1-0"]
[WhiteElo "2490"]
[BlackElo "2459"]
[PlyCount "57"]
[EventDate "2021.??.??"]
[EventType "blitz"]

1. e4 e5 2. Nf3 d5 3. exd5 e4 4. Qe2 Nf6 5. d3 Qxd5 6. Nbd2 Qa5 7. dxe4 a6 8.
c3 Nc6 9. Nb3 Qh5 10. Bg5 Bg4 11. Bxf6 gxf6 12. O-O-O Bh6+ 13. Kb1 O-O 14. h3
Rae8 15. Rg1 Bc8 16. g4 Qg6 17. Nfd2 a5 18. Bg2 a4 19. Nd4 Nxd4 20. cxd4 f5 21.
gxf5 Bxf5 22. Bf3 Bg5 23. exf5 Rxe2 24. fxg6 Rxd2 25. Rxg5 Rxf2 26. g7 Rd8 27.
Be4 c6 28. Rdg1 f5 29. Bxf5 {Normal} 1-0

[Event "Rated Blitz tournament 52iaaUPO"]
[Site "?"]
[Date "2021.05.20"]
[Round "?"]
[White "PChernomordik"]
[Black "CaroyinixDiscomix"]
[Result "1-0"]
[WhiteElo "2336"]
[BlackElo "2426"]
[PlyCount "85"]
[EventDate "2021.??.??"]
[EventType "blitz"]

1. e4 e5 2. Nf3 d5 3. exd5 e4 4. Qe2 Nf6 5. Nc3 Be7 6. Nxe4 Nxd5 7. d3 O-O 8.
Qd1 c5 9. Be2 Nc6 10. O-O Bg4 11. h3 Bh5 12. Ng3 Bg6 13. c3 Re8 14. d4 cxd4 15.
Nxd4 Nxd4 16. Qxd4 Bf6 17. Qd1 Qa5 18. Qb3 Rad8 19. Bf3 h5 20. Rd1 h4 21. Nf1
Ne7 22. Bf4 Bh5 23. Qxb7 Qf5 24. Bxh5 Qxf4 25. Qf3 Qg5 26. Bg4 Ng6 27. Qf5 Qxf5
28. Bxf5 Ne5 29. Ne3 g6 30. Bc2 a5 31. Nd5 Bg5 32. f4 Rxd5 33. Rxd5 Bxf4 34.
Kf2 Nc4 35. Rd3 Bg3+ 36. Rxg3 hxg3+ 37. Kxg3 Ne3 38. Bb3 Nf5+ 39. Kf2 Kg7 40.
Rd1 g5 41. Rd7 Nh4 42. Rxf7+ Kh6 43. g3 {Time forfeit} 1-0

[Event "Rated Blitz game"]
[Site "?"]
[Date "2021.05.20"]
[Round "?"]
[White "ArnieChipmunk"]
[Black "GoughPhar"]
[Result "0-1"]
[WhiteElo "2434"]
[BlackElo "2415"]
[PlyCount "106"]
[EventDate "2021.??.??"]
[EventType "blitz"]

1. e4 e5 2. Nf3 d5 3. exd5 e4 4. Qe2 Nf6 5. Nc3 Be7 6. Nxe4 O-O 7. d3 Re8 8.
Bd2 Qxd5 9. c4 Qd8 10. O-O-O Nc6 11. Bc3 Bf5 12. Qc2 a5 13. Ne5 Nb4 14. Bxb4
axb4 15. Kb1 Nxe4 16. dxe4 Bxe4 17. Bd3 Bxd3 18. Rxd3 Bd6 19. f4 Qf6 20. Rhd1
Bxe5 21. fxe5 Qxe5 22. Rh3 g6 23. Rf3 Qa5 24. b3 Qe5 25. Rdf1 f5 26. Qd3 Rad8
27. Qc2 Qe2 28. Qxe2 Rxe2 29. R3f2 Rdd2 30. Rxe2 Rxe2 31. Rd1 Rxg2 32. Rd8+ Kg7
33. Rd7+ Kh6 34. Rxc7 Rxh2 35. Rxb7 f4 36. Rf7 g5 37. c5 Rh3 38. a4 Rxb3+ 39.
Ka2 Ra3+ 40. Kb2 Rxa4 41. c6 Ra8 42. Kb3 Rc8 43. c7 Kg6 44. Rd7 f3 45. Rd8 Rxc7
46. Rg8+ Kf5 47. Rf8+ Kg4 48. Kxb4 h5 49. Kb5 Re7 50. Kb6 Re4 51. Kc5 Rf4 52.
Rg8 f2 53. Rxg5+ Kxg5 {Normal} 0-1

[Event "Rated Blitz game"]
[Site "?"]
[Date "2021.05.20"]
[Round "?"]
[White "yaguigor"]
[Black "DonCroccante"]
[Result "1-0"]
[WhiteElo "2546"]
[BlackElo "2494"]
[PlyCount "89"]
[EventDate "2021.??.??"]
[EventType "blitz"]

1. e4 e5 2. Nf3 d5 3. exd5 e4 4. Qe2 Nf6 5. d3 Be7 6. dxe4 O-O 7. Nc3 c6 8.
dxc6 Nxc6 9. Be3 Bb4 10. Nd2 Qa5 11. Nb3 Bxc3+ 12. bxc3 Qxc3+ 13. Bd2 Qxc2 14.
f3 Be6 15. Qd3 Qxd3 16. Bxd3 Rfd8 17. Nc5 Bc8 18. Bc4 b6 19. Nb3 Ne5 20. Bb5
Be6 21. Bc3 Nd3+ 22. Ke2 Nf4+ 23. Kf2 Bxb3 24. axb3 Rac8 25. Rhc1 a5 26. Rd1
Rxd1 27. Rxd1 h6 28. Bxf6 gxf6 29. g3 Rc2+ 30. Ke3 Nh3 31. Bc4 b5 32. Bxb5 Rc3+
33. Rd3 Rxb3 34. Rxb3 Kg7 35. f4 Ng5 36. fxg5 fxg5 37. Bc4 h5 38. Rb6 a4 39. e5
a3 40. Ba2 h4 41. g4 Kh7 42. Ke4 Kg7 43. Kf5 Kf8 44. Kf6 Ke8 45. Rd6 {Time
forfeit} 1-0

[Event "Rated Blitz tournament 7uguc7zz"]
[Site "?"]
[Date "2021.05.20"]
[Round "?"]
[White "Westerbeck"]
[Black "iskander2007"]
[Result "0-1"]
[WhiteElo "2502"]
[BlackElo "2270"]
[PlyCount "46"]
[EventDate "2021.??.??"]
[EventType "blitz"]

1. e4 e5 2. Nf3 d5 3. exd5 e4 4. Ng1 f5 5. d4 Nf6 6. c4 c6 7. Nc3 Bb4 8. Bg5
O-O 9. Qb3 Bxc3+ 10. bxc3 Kh8 11. Nh3 h6 12. Bxf6 Qxf6 13. Nf4 Nd7 14. h4 Nb6
15. h5 Re8 16. dxc6 bxc6 17. Be2 e3 18. fxe3 Rxe3 19. O-O Ba6 20. Qa3 Bxc4 21.
Bxc4 Nxc4 22. Rae1 Rxe1 23. Rxe1 Nxa3 {Normal} 0-1

[Event "Rated Blitz game"]
[Site "?"]
[Date "2021.05.20"]
[Round "?"]
[White "PhantomKinder"]
[Black "KinzyabulatovRenat"]
[Result "0-1"]
[WhiteElo "2461"]
[BlackElo "2401"]
[PlyCount "52"]
[EventDate "2021.??.??"]
[EventType "blitz"]

1. e4 e5 2. Nf3 d5 3. exd5 e4 4. Qe2 Nf6 5. d3 Qxd5 6. Nbd2 Nc6 7. Nxe4 Be6 8.
Nxf6+ gxf6 9. Qe4 Qd7 10. Bd2 O-O-O 11. Qa4 Bc5 12. Be3 Bb4+ 13. c3 Ba5 14.
Bxa7 Rhe8 15. O-O-O b6 16. b4 Nxb4 17. Qxd7+ Rxd7 18. cxb4 Bxb4 19. d4 Kb7 20.
Bxb6 cxb6 21. Kb2 Ra8 22. d5 Bxd5 23. Bb5 Rxa2+ 24. Kb1 Bc3 25. Rxd5 Rb2+ 26.
Kc1 Rxd5 {Normal} 0-1

[Event "Rated Blitz game"]
[Site "?"]
[Date "2021.05.20"]
[Round "?"]
[White "Andrey_Priseajniuc"]
[Black "BrilliantGambiteer"]
[Result "1-0"]
[WhiteElo "2405"]
[BlackElo "2324"]
[PlyCount "121"]
[EventDate "2021.??.??"]
[EventType "blitz"]

1. e4 e5 2. Nf3 d5 3. Nc3 d4 4. Ne2 Nc6 5. Ng3 Bd6 6. Bb5 Bd7 7. c3 dxc3 8.
dxc3 Nf6 9. Bg5 O-O 10. O-O Be7 11. Re1 a6 12. Bxc6 Bxc6 13. Nxe5 Qxd1 14.
Raxd1 Rfe8 15. Nxc6 bxc6 16. Nf5 Bc5 17. Bxf6 gxf6 18. Rd7 Rac8 19. b4 Bf8 20.
Re3 Kh8 21. Rxf7 Rcd8 22. Nd4 Bxb4 23. Rxf6 Bxc3 24. Rxc3 Rxd4 25. g3 Rexe4 26.
Rfxc6 Rd1+ 27. Kg2 Rd2 28. Rxc7 Ree2 29. Rf3 Kg8 30. a3 a5 31. Rff7 a4 32. Rg7+
Kh8 33. Rxh7+ Kg8 34. Rhg7+ Kh8 35. Rgf7 Kg8 36. Ra7 Ra2 37. Rf4 Rxa3 38. Raxa4
Rd3 39. Ra7 Rdd2 40. h4 Rb2 41. h5 Re6 42. Rd4 Rb8 43. Rdd7 Rh6 44. g4 Kh8 45.
Kg3 Rg8 46. f3 Rxh5 47. Ra2 Rh6 48. Rh2 Rxh2 49. Kxh2 Rb8 50. Kg3 Rb3 51. g5
Kg8 52. Kg4 Rb1 53. f4 Rb4 54. g6 Kf8 55. Kg5 Rb6 56. f5 Rb5 57. Rf7+ Kg8 58.
Rc7 Rb8 59. f6 Rb5+ 60. Kh6 Rb8 61. f7+ {Normal} 1-0